Các nghị quyết của Hội đồng thẩm phán Tòa án Nhân dân tối cao hướng dẫn thi hành Bộ luật tố tụng dân sự hiện hành (năm 2015).
محفوظ في:
| التنسيق: | Sách giấy |
|---|---|
| اللغة: | Vietnamese |
| منشور في: |
H. :
Chính trị Quốc gia Sự thật,
2018.
|
| الموضوعات: | |
| الوسوم: |
إضافة وسم
لا توجد وسوم, كن أول من يضع وسما على هذه التسجيلة!
|
| Thư viện lưu trữ: | Thư viện Trường Đại học Đà Lạt |
|---|
| LEADER | 00975nam a2200301 4500 | ||
|---|---|---|---|
| 001 | DLU190193253 | ||
| 005 | ##20191106 | ||
| 020 | # | # | |a 9786045735619 |
| 040 | # | # | |a DLU |b vie |
| 041 | # | # | |a vie |
| 044 | # | # | |a vn |
| 082 | # | # | |a 346.597 |b Cac |
| 245 | # | # | |a Các nghị quyết của Hội đồng thẩm phán Tòa án Nhân dân tối cao hướng dẫn thi hành Bộ luật tố tụng dân sự hiện hành (năm 2015). |
| 260 | # | # | |a H. : |b Chính trị Quốc gia Sự thật, |c 2018. |
| 300 | # | # | |a 310 tr. ; |c 27 cm. |
| 505 | # | # | |a Các nghị quyết của Hội đồng thẩm phán Tòa án Nhân dân tối cao -- Phụ lục giải đáp của Tòa án Nhân dân tối cao. |
| 650 | # | # | |a Tố tụng dân sự |z Việt Nam. |
| 923 | # | # | |a 07/2019 |
| 991 | # | # | |a SH |
| 992 | # | # | |a 119000 |
| 994 | # | # | |a DLU |
| 900 | # | # | |a True |
| 911 | # | # | |a Nguyễn Thanh Hương |
| 925 | # | # | |a G |
| 926 | # | # | |a A |
| 927 | # | # | |a SH |
| 980 | # | # | |a Thư viện Trường Đại học Đà Lạt |


